<?xml version="1.0" encoding="UTF-8"?>
<record
    xmlns:xsi="http://www.w3.org/2001/XMLSchema-instance"
    xsi:schemaLocation="http://www.loc.gov/MARC21/slim http://www.loc.gov/standards/marcxml/schema/MARC21slim.xsd"
    xmlns="http://www.loc.gov/MARC21/slim">

  <leader>00798cam a2200265 i 4500</leader>
  <controlfield tag="001">1191253</controlfield>
  <controlfield tag="003">YEEZEN</controlfield>
  <controlfield tag="005">20241230145223.0</controlfield>
  <controlfield tag="008">240722s2024    ch ak  g      000 0 chi d</controlfield>
  <datafield tag="020" ind1=" " ind2=" ">
    <subfield code="a">9789861442570</subfield>
    <subfield code="q">(&#x5E73;&#x88DD;) :</subfield>
    <subfield code="c">NT$430</subfield>
  </datafield>
  <datafield tag="040" ind1=" " ind2=" ">
    <subfield code="a">TWTNM</subfield>
    <subfield code="b">chi</subfield>
    <subfield code="c">TWTNM</subfield>
  </datafield>
  <datafield tag="042" ind1=" " ind2=" ">
    <subfield code="a">nbic</subfield>
  </datafield>
  <datafield tag="084" ind1=" " ind2=" ">
    <subfield code="a">429</subfield>
    <subfield code="2">ncsclt</subfield>
  </datafield>
  <datafield tag="090" ind1=" " ind2=" ">
    <subfield code="a">429</subfield>
  </datafield>
  <datafield tag="100" ind1="1" ind2=" ">
    <subfield code="a">&#x8B1D;&#x5B5F;&#x7487;</subfield>
  </datafield>
  <datafield tag="245" ind1="1" ind2="0">
    <subfield code="a">&#x73A9;&#x7F8E;&#x4E0D;&#x7DB2;&#x7F8E; :</subfield>
    <subfield code="b">&#x91AB;&#x7F8E;&#x4E0D;&#x80FD;&#x8AAA;&#x7684;&#x79D8;&#x5BC6; &#x4E0D;&#x53EF;&#x4E0D;&#x77E5;&#x7684;&#x5065;&#x5EB7;&#x79D8;&#x8A23; /</subfield>
    <subfield code="c">&#x8B1D;&#x5B5F;&#x7487;&#x4F5C;</subfield>
  </datafield>
  <datafield tag="246" ind1="3" ind2="0">
    <subfield code="a">&#x91AB;&#x7F8E;&#x4E0D;&#x80FD;&#x8AAA;&#x7684;&#x79D8;&#x5BC6; &#x4E0D;&#x53EF;&#x4E0D;&#x77E5;&#x7684;&#x5065;&#x5EB7;&#x79D8;&#x8A23;</subfield>
  </datafield>
  <datafield tag="250" ind1=" " ind2=" ">
    <subfield code="a">&#x7B2C;&#x4E00;&#x7248;</subfield>
  </datafield>
  <datafield tag="260" ind1=" " ind2=" ">
    <subfield code="a">&#x65B0;&#x5317;&#x5E02; :</subfield>
    <subfield code="b">&#x5546;&#x9F0E;&#x6578;&#x4F4D;,</subfield>
    <subfield code="c">2024.02</subfield>
  </datafield>
  <datafield tag="300" ind1=" " ind2=" ">
    <subfield code="a">16, 181&#x9762; :</subfield>
    <subfield code="b">&#x5F69;&#x5716;, &#x8868; ;</subfield>
    <subfield code="c">23&#x516C;&#x5206;</subfield>
  </datafield>
  <datafield tag="650" ind1=" " ind2="7">
    <subfield code="a">&#x5BB6;&#x5EAD;&#x91AB;&#x5B78;</subfield>
    <subfield code="2">lcstt.</subfield>
  </datafield>
  <datafield tag="650" ind1=" " ind2="7">
    <subfield code="a">&#x4FDD;&#x5065;&#x5E38;&#x8B58;</subfield>
    <subfield code="2">lcstt.</subfield>
  </datafield>
  <datafield tag="650" ind1=" " ind2="7">
    <subfield code="a">&#x76AE;&#x819A;&#x7F8E;&#x5BB9;&#x5B78;</subfield>
    <subfield code="2">lcstt.</subfield>
  </datafield>
  <datafield tag="942" ind1=" " ind2=" ">
    <subfield code="2">ccl</subfield>
    <subfield code="c">BOOK</subfield>
  </datafield>
  <datafield tag="999" ind1=" " ind2=" ">
    <subfield code="c">7627</subfield>
    <subfield code="d">7627</subfield>
  </datafield>
  <datafield tag="952" ind1=" " ind2=" ">
    <subfield code="0">0</subfield>
    <subfield code="1">0</subfield>
    <subfield code="2">ccl</subfield>
    <subfield code="4">0</subfield>
    <subfield code="7">0</subfield>
    <subfield code="a">yeezen</subfield>
    <subfield code="b">yeezen</subfield>
    <subfield code="c">YEEZEN</subfield>
    <subfield code="d">2024-12-30</subfield>
    <subfield code="l">5</subfield>
    <subfield code="m">1</subfield>
    <subfield code="o">429</subfield>
    <subfield code="p">C03211</subfield>
    <subfield code="r">2025-07-01 00:00:00</subfield>
    <subfield code="s">2025-06-13</subfield>
    <subfield code="w">2024-12-30</subfield>
    <subfield code="y">BOOK</subfield>
    <subfield code="z">*&#x6700;&#x597D;&#x61C2;&#x7684;&#x5C08;&#x696D;&#x91AB;&#x7642;&#x5065;&#x5EB7;&#x6307;&#x5F15;&#x66F8;* &#x5E02;&#x9762;&#x4E0A;&#x7B2C;&#x4E00;&#x672C;!&#x91AB;&#x5B78;&#x7F8E;&#x5BB9;+&#x990A;&#x751F;&#x4FDD;&#x5065;&#x96D9;&#x7BA1;&#x9F4A;&#x4E0B;,&#x8B93;&#x4F60;&#x7531;&#x5167;&#x5230;&#x5916;,&#x9006;&#x8F49;&#x75C5;&#x9B54;&#x5E38;&#x4FDD;&#x5065;&#x5EB7;&#x53C8;&#x80FD;&#x6108;&#x4F86;&#x6108;&#x6F02;&#x4EAE;! &#x7DB2;&#x8DEF;&#x4E0A;&#x91AB;&#x7F8E;&#x8DDF;&#x5065;&#x5EB7;&#x7684;&#x8CC7;&#x8A0A;&#x9019;&#x9EBC;&#x591A;,&#x5230;&#x5E95;&#x8981;&#x76F8;&#x4FE1;&#x8AB0;&#x8AAA;&#x7684;? &#x6B61;&#x8FCE;&#x9020;&#x8A2A;&#x8B1D;&#x5B5F;&#x7487;&#x91AB;&#x5E2B;&#x7684;&#x8A3A;&#x9593;,&#x8B93;&#x4F60;&#x8F15;&#x9B06;&#x628A;&#x91AB;&#x5B78;&#x5E38;&#x8B58;&#x6536;&#x9032;&#x53E3;&#x888B;&#x88E1;&#x3002;</subfield>
  </datafield>
</record>
